رسائل ابن سبعين : (Record no. 6002)
[ view plain ]
| 000 -الفاتح | |
|---|---|
| حقل البيانات ثابتة الطول | 00920nac a22001571u 4500 |
| 008 - عناصر البيانات ثابتة الطول - معلومات عامة | |
| حقل البيانات ثابتة الطول | 100811t؟؟؟ ua|||||r|||| 001 0dara d |
| 082 ## - رقم تصنيف ديوى العشرى | |
| رقم التصنيف | 260 |
| رقم المادة | س ب ع |
| 100 ## - المدخل الرئيسى - إسم شخصى | |
| الإسم الشخصى | ابن سبعين |
| 9 (RLIN) | 17438 |
| الشكل الأكمل للاسم | عبد الحق بن إبراهيم بن محمد ابن سبعين الإشبيلي المرسي الأندلسي |
| 245 ## - بيان العنوان | |
| العنوان | رسائل ابن سبعين : |
| بيان المسئوليه,etc | عبد الحق بن إبراهيم بن محمد ابن سبعين الإشبيلي المرسي الأندلسي ؛ حققه وقدم له عبد الرحمن بدوي |
| 260 ## - PUBLICATION, DISTRIBUTION, ETC. (IMPRINT) | |
| مكان الناشر او الموزع | القاهرة : |
| اسم الناشر او الموزع | المؤسسة المصرية العامة للتأليف والأنباء والنشر ، [1956] |
| تاريخ النشر أو التوزيع | [1956] |
| 300 ## - الوصف المادى | |
| التعداد | 374ص ؛ |
| أبعاد الوعاء | 24 سم. |
| 511 ## - | |
| -- | Catalogued by: Sara |
| 600 ## - المدخل الاضافى بالموضوع-اسم شخصى | |
| 9 (RLIN) | 17438 |
| الإسم الشخصى | لأندلسي ،لأبي محمد عبد الحق بن سبعين المرسي |
| 650 ## - المدخل الاضافى بالموضوع-مصطلح موضوعى | |
| مصطلح موضوعي أو اسم جغرافي كعنصر مدخل | التصوف الإسلامي |
| 9 (RLIN) | 16733 |
| 942 ## - عناصر المدخل الإضافي( كوها) | |
| Koha [default] item type | Book - Borrowing |
| سابقة رقم الطلب | 260 س ب ع |
| مصدر التصنيف او مخطط الترفيف | Dewey Decimal Classification |
| حالة التراجع | حالة الفقد | مصدر التصنيف او خطة الترفيف | حالة تلف | ليس للاعارة | مجموعات كوها | المكان الدائم | المكان الحالي | موقع الترفيف | تاريخ الاكتساب | Source of acquisition | رقم الاستدعاء | الباركود | Date last seen | مُعار | نوع الوعاء |
|---|---|---|---|---|---|---|---|---|---|---|---|---|---|---|---|
| Dewey Decimal Classification | Alef-Baa | Central Library | Central Library | Lower Floor | 11/08/2010 | 260 س ب ع | 000007580 | 15/07/2025 | 10/06/2012 | Book - Borrowing |